Nástroje regionálnej politiky na Slovensku so zameraním na podporu podnikania v regiónoch
Gespeichert in:
| 1. Verfasser: | |
|---|---|
| Format: | Buchkapitel |
| Sprache: | Slowakisch |
| Schlagworte: | |
| Tags: |
Keine Tags, Fügen Sie das erste Tag hinzu!
|
MARC
| LEADER | 00000naa$a2200000$$$4500 | ||
|---|---|---|---|
| 001 | 0053989 | ||
| 005 | 20240502071626.8 | ||
| 041 | 0 | |a slo | |
| 044 | |a SK | ||
| 245 | 1 | 0 | |a Nástroje regionálnej politiky na Slovensku so zameraním na podporu podnikania v regiónoch |c Eva Belvončíková |
| 610 | 2 | 0 | |a regióny |
| 610 | 2 | 0 | |a Slovensko |
| 610 | 2 | 0 | |a politika regionálna |
| 610 | 2 | 0 | |a podpora podnikania |
| 100 | 1 | |a Belvončíková, Eva, 1975- | |